| 000 | 00479cam a2200205ua 4500 | ||
|---|---|---|---|
| 001 | 8703 | ||
| 005 | 20260515114352.0 | ||
| 008 | 150212n ii |||gr||||Z||||||eng | ||
| 020 | _a8172247257 | ||
| 040 | _cMAIN | ||
| 041 | _aeng | ||
| 082 | _a823N | ||
| 100 |
_aDoyle, A. C., _eAuthor. |
||
| 245 | 1 |
_aReturn of Sherlock Holmes _cBy Aethur Conan Doyle |
|
| 250 | _a1st. | ||
| 260 |
_aNew Delhi: _bJaico, _c2008. |
||
| 300 | _a330p. | ||
| 653 | _aEnglish fiction | ||
| 942 | _cBK | ||
| 999 |
_c7794 _d7794 |
||